From dry plates to ektachrome film ; a story of photographic research.

Bibliographic Details
Main Author: Mees, C. E. Kenneth (Charles Edward Kenneth), 1882-1960
Format: Book
Language:English
Published: New York : Ziff-Davis Pub. Co., 1961.
Subjects:

MARC

Tag First Indicator Second Indicator Subfields
LEADER 00000cam a2200000 4500
001 in00000035926
005 20151007063546.0
008 720815s1961 nyua 00000 eng u
010 |a  61002570  
035 |a (OCoLC)00382417 
035 |9 AAD7677AM 
040 |c OSU  |d TXA  |d UtOrBLW 
049 |a TXAM  |c [333351] 
050 0 |a TR15  |b .M37 
092 |a 770.72  |b M495f 
100 1 |a Mees, C. E. Kenneth  |q (Charles Edward Kenneth),  |d 1882-1960. 
245 1 0 |a From dry plates to ektachrome film ;  |b a story of photographic research. 
264 1 |a New York :  |b Ziff-Davis Pub. Co.,  |c 1961. 
300 |a 312 pages :  |b illustrations ;  |c 24 cm. 
336 |a text  |b txt  |2 rdacontent 
337 |a unmediated  |b n  |2 rdamedia 
338 |a volume  |b nc  |2 rdacarrier 
650 0 |a Photography  |x Research. 
999 |a MARS 
999 f f |s 23776243-72d3-35af-8e18-2f5018bf6b22  |i fc937e87-a6e5-3587-8c3b-cd3841ff52a2  |t 0 
952 f f |p ric  |a Texas A&M University  |b Rellis Campus  |c Joint Library Facility  |d Remote Storage  |t 0  |e TR15 .M37  |h Library of Congress classification  |i unmediated -- volume  |m A14801160800 
998 f f |a TR15 .M37  |t 0  |l Remote Storage